Analysis of CSR Activities of Family Businesses During the Covid-19 Pandemic

Rodinné podniky sú ako najrozšírenejšia a najstaršia forma podnikania známe svojou schopnosťou prežiť ekonomické krízy a dlhodobo prosperovať. Pandémia COVID-19 predstavovala značnú výzvu pre tieto podniky, ktoré museli preukázať odolnosť, flexibilitu a prispôsobivosť novým trhovým podmienkam a neis...

Descripción completa

Guardado en:
Detalles Bibliográficos
Autor principal: Rumanko, Boris, 1993-
Formato: Capítulo de libro
Lenguaje:inglés
Materias:
Etiquetas: Agregar Etiqueta
Sin Etiquetas, Sea el primero en etiquetar este registro!

MARC

LEADER 00000naa$a2200000$$$4500
001 0304953
005 20241106100333.2
041 0 |a eng 
044 |a CZ 
245 1 0 |a Analysis of CSR Activities of Family Businesses During the Covid-19 Pandemic  |c Boris Rumanko 
520 |a Rodinné podniky sú ako najrozšírenejšia a najstaršia forma podnikania známe svojou schopnosťou prežiť ekonomické krízy a dlhodobo prosperovať. Pandémia COVID-19 predstavovala značnú výzvu pre tieto podniky, ktoré museli preukázať odolnosť, flexibilitu a prispôsobivosť novým trhovým podmienkam a neistote. 
610 2 0 |a podnik rodinný 
610 2 0 |a pandémia 
610 2 0 |a podnikanie 
610 2 0 |a kríza 
610 2 0 |a práca z domu 
100 1 |a Rumanko, Boris, 1993-